Southville International School and Colleges
Your cart is empty.
  • Cart
  • Lists
    Public lists Eva Luna New books Lux_list list_1
    Your lists Log in to create your own lists
  • Log in to your account
  • Your cookies
  • Search history
Southville International School and Colleges
  • Advanced search
  • Recent comments
  • Most popular
  • Libraries

Log in to your account

Log in with GOOGLE


If you do not have an external account, but do have a local account, you can still log in:

  1. Home
  2. MARC view: Europe 1870-1991 /
Normal view MARC view ISBD view

Europe 1870-1991 / (Record no. 2357)

[ view plain ]
MARC details
000 -LEADER
fixed length control field 00480nam a22001937a 4500
003 - CONTROL NUMBER IDENTIFIER
control field OSt
005 - DATE AND TIME OF LATEST TRANSACTION
control field 20140310181730.0
008 - FIXED-LENGTH DATA ELEMENTS--GENERAL INFORMATION
fixed length control field 130311t xxu||||| |||| 00| 0 eng d
020 ## - INTERNATIONAL STANDARD BOOK NUMBER
International Standard Book Number 007173776
050 ## - LIBRARY OF CONGRESS CALL NUMBER
Classification number D 443
Item number .M875 2008
082 ## - DEWEY DECIMAL CLASSIFICATION NUMBER
Classification number IB 940
Item number M83 2004
100 ## - MAIN ENTRY--PERSONAL NAME
Personal name Morris, Terry.
245 ## - TITLE STATEMENT
Title Europe 1870-1991 /
Statement of responsibility, etc Terry Morris.
250 ## - EDITION STATEMENT
Edition statement 2nd ed.
260 ## - PUBLICATION, DISTRIBUTION, ETC. (IMPRINT)
Place of publication, distribution, etc London :
Name of publisher, distributor, etc Collins,
Date of publication, distribution, etc c2004.
300 ## - PHYSICAL DESCRIPTION
Extent 464 p. :
Dimensions 25 cm.
Other physical details ill. ;
942 ## - ADDED ENTRY ELEMENTS (KOHA)
Source of classification or shelving scheme Library of Congress Classification
Koha item type Books
Holdings
Withdrawn status Lost status Source of classification or shelving scheme Damaged status Home library Current library Shelving location Date acquired Total Checkouts Full call number Barcode Date last seen Date checked out Copy number Price effective from Koha item type
    Library of Congress Classification   Luxembourg Library Luxembourg Library International Baccalaureate Section 03/11/2013 1 D 443 .M875 2008 17085 05/25/2023 05/05/2023 1 10/03/2013 Books

Europe 1870-1991 /

APA

Morris T., . (2004). Europe 1870-1991. London: Collins.

Chicago

Morris Terry, . 2004. Europe 1870-1991. London: Collins.

Harvard

Morris T., . (2004). Europe 1870-1991. London: Collins.

MLA

Morris Terry, . Europe 1870-1991. London: Collins. 2004.

  • Place hold
  • Print
  • Cite
  • Add to your cart (remove)
  • Save record
    BIBTEX Dublin Core MARCXML MARC (non-Unicode/MARC-8) MARC (Unicode/UTF-8) MARC (Unicode/UTF-8, Standard) MODS (XML) RIS
  • More searches
    Search for this title in:
    Other Libraries (WorldCat) Other Databases (Google Scholar) Online Stores (Bookfinder.com) Open Library (openlibrary.org)

Exporting to Dublin Core...

SOUTHVILLE LIBRARY

Southville International School and Colleges Library

1281 Tropical Ave. Cor. Luxembourg St., BF Homes International, Las Pinas City

Tel. No. 8256374 / 252358 Loc. 117/146

Powered by Koha